ORIGENES DE LA DIALECTICA DEL TRABAJO /

TRADUCCION DE: ORIGINES DE LA DIALECTIQUE DU TRAVAIL

محفوظ في:
التفاصيل البيبلوغرافية
المؤلف الرئيسي: Giannotti, Jose Arthur (autor)
التنسيق: كتاب
سلاسل:(Comunicación Alberto Corazón. Serie B ; 30)
الموضوعات:
الوسوم: إضافة وسم
لا توجد وسوم, كن أول من يضع وسما على هذه التسجيلة!

MARC

LEADER 00000nam^a2200000^a^4500
001 000235150
005 20250521000000.0
009 20260310104755.063
020 |a 84-7053-096-8 
035 |a 058400 
037 |a Acervo Xavier Clavigero 
082 |a 331. 01  |b GIA 
100 |a Giannotti, Jose Arthur  |e (autor) 
245 1 0 |a ORIGENES DE LA DIALECTICA DEL TRABAJO /  |c JOSE ARTHUR GIANNOTTI ; TR. CESAR SUAREZ 
264 |a MADRID :  |b ALBERTO CORAZON,  |c 1971 
300 |a 287 p. 
336 |a texto  |b txt  |2 rdacontenido 
337 |a sin mediación  |b n  |2 rdamedio 
338 |a volumen  |b nc  |2 rdasoporte 
440 1 |a (Comunicación Alberto Corazón.  |p Serie B ;  |v 30) 
520 |a TRADUCCION DE: ORIGINES DE LA DIALECTIQUE DU TRAVAIL 
649 |a XX 
650 |a Trabajo 
910 |a Fondo General 
920 |a Impresos - Libros 
930 |a Colección General 
905 |a 101 
901 |a 058400  |b IT1  |c ACC  |i 058400  |u 20250521 
902 |a https://opac.biblio.iteso.mx/vufind/Record/000235150